ბათუმის შოთა რუსთაველის სახელმწიფო უნივერსიტეტის ბიბლიოთეკა

ბრძოლის წლები (ბიბ.ჩანაწერი № 49979)

000 -LEADER
fixed length control field 00966nam a2200241Ia 4500
001 - CONTROL NUMBER
control field 16915
003 - CONTROL NUMBER IDENTIFIER
control field GE_BSU
008 - FIXED-LENGTH DATA ELEMENTS--GENERAL INFORMATION
fixed length control field 181216s||||||||xx |||||||||||||| ||und||
040 ## - CATALOGING SOURCE
Transcribing agency GE_BSU
080 ## - UNIVERSAL DECIMAL CLASSIFICATION NUMBER
Universal Decimal Classification number 329.150.1(093.3) + 94(470)"1917.10"(093.3)
100 ## - MAIN ENTRY--PERSONAL NAME
Personal name ჩერეპახინი, გ.ვ.
245 ## - TITLE STATEMENT
Title ბრძოლის წლები
245 ## - TITLE STATEMENT
Remainder of title ძველი ბოლშევიკის მოგონებანი
245 ## - TITLE STATEMENT
Statement of responsibility, etc. რედ.ქ.ქუჩუკაშვილი
260 ## - PUBLICATION, DISTRIBUTION, ETC.
Place of publication, distribution, etc. თბილისი
260 ## - PUBLICATION, DISTRIBUTION, ETC.
Name of publisher, distributor, etc. საბლიტგამი
260 ## - PUBLICATION, DISTRIBUTION, ETC.
Date of publication, distribution, etc. 1958
300 ## - PHYSICAL DESCRIPTION
Extent 132გვ. ; 22სმ.
653 ## - INDEX TERM--UNCONTROLLED
Uncontrolled term ბრძოლის წლები
653 ## - INDEX TERM--UNCONTROLLED
Uncontrolled term სკკპ ისტორია; დიდი ოქტომბრის სოციალისტური რევოლუცია
653 ## - INDEX TERM--UNCONTROLLED
Uncontrolled term ძველი ბოლშევიკის მოგონებანი
942 ## - ADDED ENTRY ELEMENTS (KOHA)
Koha item type წიგნი
ეგზემპლარები
Withdrawn status Lost status Damaged status Not for loan Date acquired Barcode Date last seen Price effective from Koha item type
        2018-12-17 21967 2018-12-17 2018-12-17 წიგნი
        2018-12-17 21968 2018-12-17 2018-12-17 წიგნი